Úvod do studia společenských věd

Guardado en:
Detalles Bibliográficos
Formato: Libro
Lenguaje:checo
Publicado: Praha Svoboda 1975
Etiquetas: Agregar Etiqueta
Sin Etiquetas, Sea el primero en etiquetar este registro!

MARC

LEADER 00000nam a2200000 4500
001 c120424
005 20230105083759.6
041 0 |a cze 
044 |a CZ 
245 1 0 |a Úvod do studia společenských věd 
264 1 |a Praha  |b Svoboda  |c 1975 
300 |a 549 s.